000 00617nam a2200229Ia 4500
003 OSt
005 20221007081646.0
006 a|||||r|||| 00| 0
007 ta
008 221006b |||||||| |||| 00| 0 eng d
024 _a26,578
037 _cTextual
040 _aFLL
_cFLL
_beng
041 _2eng
_aeng
082 _aZQ7:91, J0
100 _aSchacht Joseph
_9153613
245 0 _aOrigins of Muhammadan jurisprudence
260 _aOxford
_bAt the Clarendon Press London
_c1950
300 _axii,1-348p
_ccm.
942 _hZQ7:91, J0
_cTEXL
_2CC
999 _c1163850
_d1163850